000 00306nam a22001457a 4500
008 221010b ||||| |||| 00| 0 eng d
020 _a9781465248282
041 _aeng
080 _a34
082 _a34
100 _a32.1
101 _aJUR
245 _aINDIVIDUAL TAXATION
_cPACE B
942 _2udc
_cBK
999 _c58451
_d58451